載入...
Comparative physiology of thermoregulation. V2- Mammals /
| 其他作者: | |
|---|---|
| 格式: | Printed Book |
| 語言: | English |
| 出版: |
New York :
Academic Press,
1971.
|
| LEADER | 00512nam a2200133Ia 4500 | ||
|---|---|---|---|
| 008 | 150624b xxu||||| |||| 00| 0 eng d | ||
| 082 | |a 591.42 | ||
| 245 | |a Comparative physiology of thermoregulation. V2- Mammals / |c edited by G. Causey Whittow | ||
| 260 | |a New York : |b Academic Press, |c 1971. | ||
| 300 | |a 410 p. | ||
| 700 | |a Whittow, G. Causey |e editor. | ||
| 942 | |c TXT | ||
| 999 | |c 20910 |d 20910 | ||
| 952 | |0 0 |1 0 |4 0 |6 591_420000000000000_WHI_C |7 0 |9 20909 |a UL |b UL |c Ref2 |d 1998-09-01 |l 0 |o 591.42 WHI/C |p 30876 |r 2012-10-27 |w 2012-10-27 |y TXT | ||